000 004310000a22001810004500
003 MACL
005 20151010125601.0
008 151010b xxu||||| |||| 00| 0 eng d
040 _aMACL
_cMACL
041 _aEnglish
082 _a920/DEO
100 _aDeodhar, Y N
_914151
245 _aNana Phadanavis
260 _bNational Book Trust
_c1968
_aNew Delhi
350 _a1.75
650 _aBiography
_914332
942 _cBK
_k920
_2ddc
999 _c7103
_d7103